[Event "Guelph Fall 50 50 Pro-Am U2100"]
[Site "Guelph"]
[Date "2007.11.04"]
[Round "5"]
[White "Assaripallam, Inigo Francis"]
[Black "Villalobos, Oscar"]
[Result "1/2-1/2"]
[WhiteElo "2076"]
[BlackElo "1760"]
[PlyCount "151"]
[EventDate "2007.11.03"]
[EventType "swiss"]
[EventRounds "5"]
[EventCountry "CAN"]
[SourceTitle "EXT 2022"]
[Source "ChessBase"]
[SourceDate "2021.10.06"]
[SourceVersion "1"]
[SourceVersionDate "2021.10.06"]
[SourceQuality "1"]

1. d4 Nf6 2. c4 g6 3. Nc3 Bg7 4. e4 d6 5. f3 0-0 6. Be3 c5 7. dxc5 dxc5 8. Qxd8 Rxd8 9. Bxc5 Nc6 10. Nd5 Nd7 11. Nxe7+ Nxe7 12. Bxe7 Bxb2 13. Rb1 Bc3+ 14. Kd1 Re8 15. Kc2 Bg7 16. Bg5 Nb6 17. Nh3 Be6 18. Kb3 Rec8 19. Nf4 Bxc4+ 20. Bxc4 Nxc4 21. Nd5 Kf8 22. Rhd1 Na5+ 23. Ka4 b6 24. Rbc1 Nb7 25. Be7+ Ke8 26. Bb4 Nc5+ 27. Bxc5 bxc5 28. Rc4 Rab8 29. Rdc1 Bd4 30. R1c2 Rc6 31. Ka5 Kd7 32. g3 Re6 33. h3 f5 34. Nc3 Rbb6 35. Na4 Ra6+ 36. Kb5 fxe4 37. Rxd4+ cxd4 38. Nc5+ Ke7 39. Nxe6 Rxe6 40. fxe4 Rxe4 41. Kc4 Kd6 42. Rd2 Ke5 43. g4 Re1 44. a4 Rc1+ 45. Kd3 Rc3+ 46. Ke2 Rxh3 47. Rd1 Ke4 48. Rf1 Rh2+ 49. Kd1 d3 50. Rf7 h5 51. gxh5 gxh5 52. Rxa7 Ra2 53. Rh7 Ke3 54. Re7+ Kf3 55. Rh7 Kg4 56. Rg7+ Kf3 57. Rf7+ Ke3 58. Re7+ Kf3 59. Rh7 Kg4 60. Rg7+ Kf5 61. Rf7+ Kg6 62. Rd7 Ra3 63. Kd2 h4 64. Rd8 Kg5 65. Rg8+ Kf4 66. Rf8+ Kg3 67. Rg8+ Kf2 68. Rf8+ Kg2 69. Rg8+ Kh2 70. a5 h3 71. a6 Kh1 72. a7 Rxa7 73. Kxd3 Re7 74. Kd2 h2 75. Rg6 Re5 76. Rg8 1/2-1/2